Personnages The Mandalorian par images - Statistiques

Statistiques générales
  • Ce quiz a été pris 21 fois
  • Le résultat moyen est 8 sur 16
Statistiques - réponses
Par images Réponse % Correct
Boba Fett
94%
Grogu
94%
Din Djarin
75%
Moff Gideon
69%
Armuriere
63%
Bo-Katan
63%
Cara Dune
63%
Fennec Shand
56%
Greef Karga
38%
Carson Teva
31%
Koska Reeves
31%
Paz Viszla
31%
Peli Motto
31%
Pershing
31%
Elia Kane
25%
Vane
25%
Aucun quiz correspondant
Distribution des résultats
% des personnes avec chaque résultat
Percentile par nombre de réponses
Votre historique - résultats
Vous n’avez pas pris ce quiz